| 000 | 00729cam a22002531 4500 | ||
|---|---|---|---|
| 001 | 9798435 | ||
| 003 | ARRUPE | ||
| 005 | 20140326114203.0 | ||
| 008 | 750805s1955 nyua 000 0aeng | ||
| 010 | _a 55010813 | ||
| 035 | _a(OCoLC)1510233 | ||
| 040 |
_aDLC _cFJ _dOCoLC _dICIU _dOCoLC _dOC _dDLC |
||
| 042 | _apremarc | ||
| 050 | 0 | 0 |
_aPR6023.E4 _bZ52 |
| 082 | _a928.2 | ||
| 100 | 1 |
_aLehmann, John, _d1907-1987. _99403 |
|
| 245 | 1 | 4 |
_aThe whispering gallery: _bautobiography I. |
| 250 | _a[1st American ed.] | ||
| 260 |
_aLondon _bLongmans, Green and Co. _c[1955] |
||
| 300 |
_a342 p. _billus. _c22 cm. |
||
| 600 |
_aLehmann, John _99404 |
||
| 906 |
_a7 _bcbc _coclcrpl _du _encip _f19 _gy-gencatlg |
||
| 942 |
_2lcc _cMONOGRAPH |
||
| 999 |
_c120269 _d120269 |
||